Vencedoras do Prêmio Melhores do Ano - Atriz de Novela - Statistics

Estatísticas Gerais
  • Esse quiz foi jogado 143 vezes
  • A pontuação média é 18 de 24
Estatísticas das Respostas
Ano Novela Atriz % Correto
1998 Torre de Babel Adriana Esteves
95%
2003 Kubanacan Adriana Esteves
95%
2012 Avenida Brasil Adriana Esteves
95%
2019 A Dona do Pedaço Juliana Paes
95%
2002 O Clone Giovanna Antonelli
94%
2015 A Regra do Jogo Giovanna Antonelli
94%
2018 Segundo Sol Giovanna Antonelli
94%
2007 Paraíso Tropical Camila Pitanga
89%
2016 Velho Chico Camila Pitanga
89%
2013 Amor à Vida Paolla Oliveira
89%
2017 A Força do Querer Paolla Oliveira
89%
2008 A Favorita Patrícia Pillar
83%
2006 Cobras & Lagartos Taís Araújo
83%
2011 Fina Estampa Lília Cabral
79%
2000 Laços de Família Vera Fischer
79%
2010 Ti Ti Ti Cláudia Raia
78%
2004 Senhora do Destino Susana Vieira
73%
2009 Viver a Vida Alinne Moraes
63%
2014 Geração Brasil Cláudia Abreu
55%
1999 Força de um Desejo Malu Mader
55%
2005 América Christiane Torloni
48%
1995 A Próxima Vítima Aracy Balabanian
35%
1996 O Rei do Gado Eva Wilma
28%
2001 Porto dos Milagres Cássia Kis Magro
12%
Nenhum quiz correspondente encontrado
Distribuição das Pontuações
Porcentagem de Pessoas com Cada Pontuação
Percentil de Números Respondidos
Sua Pontuação Histórica
Você não jogou esse quiz